guess the stray kids song by the english lyric - Statistics

General Stats
  • This quiz has been taken 41 times
  • The average score is 47 of 93
Answer Stats
Hint Answer % Correct
(for ur sake ill do an easy one first) a b c d e f j i wanna send my code to you, 8 letters is all it takes im gonna let you know OH case 143
100%
NE SOMIN DUDUDUDUDUDU gods menu
93%
red light green light swaaag bye or wassup mannn n/s
93%
all we need is love, dreams, and s-s-s-s-strraa-a-ay kids divine
89%
oh na na naaaa girl u my hallucination hallucination
86%
no turning back dont let go top
86%
yeah spider u got me locked up ay / no escape.... cant feel my fingers... you got my wrapped up around your fingerrsss venom
86%
freeze daeng ice ice freeze
82%
people think im big but im smalll giant
82%
oh my gawdd life is so goooodd so good
82%
ultra ultra *korean* ultra ultra ultra
82%
like awkwardd sileencee *crikets* awkward silence
79%
i am who? i am what? whats the reason for my real existence? who?
79%
my boys spitting facts we locked and loaded ba brah brahh 3racha
75%
cuz all i want is you not ur tears hold my hand
75%
got me feeling star lost star lost oh oh fe feeling starlost starlost star lost
75%
TAKE ME TO THE TOP ta
75%
i like the view right nowww the view
75%
bom digi di bom bom bom bom topline
75%
its time to bet bet bet bet bet on what u want youth
75%
we welcome to the zonneeeeee feelin good rn feelin good rn circus
71%
oh baby trust out instincts do it
71%
yeah i love that i like you but i dont wanna loveee i like it
71%
im stuck with the phobia ayaoh phobia
71%
naturally eh eh *korean* spread my wings eh eh spread my wings
71%
dont make me bad make me bad im addicted to you taste
71%
i wont lie i wanna be with u every single night unfair
71%
my bullet goes tang tang tang chk chk boom
68%
dandy voice seungming dandy boy seungmin, sunsine felix, skz felix, mystic boi fam
68%
now tell me you hate me red lights
68%
step out of the voicesssss voices
68%
as long as we stayyyyyy in out own waaayyyy as we are
64%
im falling up falling up falling up falling up
64%
i know its gon be lonely cuz everyone keeps turning me down countless new surroundings cold eyes keep looking at me down / u only get to live one life i know social path
64%
were gonna go away to places still unknown stray kids
64%
got me trippin like wow wow.... your vibe wow
64%
you got me feeling butterflies butterflies cuz ur my only butterflies
61%
were only going to dance like crazyyyyyy its just that i like it la la laaaaaaa dlc
61%
im falling down im falling down this street is isolated lonely st
61%
this is the new generation go away gone days gone days oh woah-a-oh gone days
57%
oh baby please dont hurt me leave
57%
wow wow wow wow wo got me singing la la l ala la surfin
57%
GRAHH WE GO WILD wolfgang
57%
you know whenever theres a chance ill tell you how amazing you are youtiful
57%
if ur feelin high ur hands go UP this is cloud 9 were at the top mountains
54%
my universeeeeeee my universe
54%
oh oh oh let me oh oh oh let me oh oh oh oh oh oh oh oh LET ME LOVE U!! cant stop
50%
me so sick and legandary ssick
50%
i just wanna go back back back back back back 19
46%
were pulling at eachother like magnetss connected
46%
how've u been ig your fine / honestly without u in my life, deep inside ive never felt alive / i miss the way you felt so close to my bones deep end
46%
honestly how could it be like this, if feels like im thirsty even if i taste your lips lose my breath
46%
blurry lines yeah yeah yeah so many so many any anything anyi anyi anya any
43%
i see the ashes up in the sky / im catching u-u-u-up fnf
43%
we wanna do my thing / ima get it....ima show.... gotta glow glow
43%
UNDEFEATED / roll the dice victory song
43%
ohhh ima run far..... we go we go
43%
grrrr ah (a/n sorry not sorry) beware
39%
we going high / immm okayyy miroh
39%
uh rain falling off my face and wiping all that sweat off muddy water
39%
one more step i will never stop ill always.... on track
39%
mmm need no break no brakes this train the engines go insane out lane it rains railways
39%
yes you thats you thank you right now chill
36%
i wanna be myself i dont care Levanter
36%
you always say im okay silent cry
36%
its been a year and its true now, call me caption it do it for my crew now broken compass
32%
why you acting like a fool why u nada be so rude call me baby like you used to collision
32%
ooh woah oh oh oh yeah oo woah oh oh oh yeah (hint: the korean lyrics are saying "go ahead curse me, curse curse curse me* ex
32%
blessing wait for youuuuuuuu for you
32%
yeh yeh yk me? nah nah nah thats not me man if ya wanna fly with me, give me a SHOUT OUT / i rather be rock
32%
i cant stand it no more yeah yeah yeah why cant they leave us alone yeah yeah yeah why
32%
can u stay right with me with me cuz we gon do it together woah oh / this is our start lineee our start lineeee our start lineeee 0325
29%
i gotta free me..... no worries, nobody can stop me..... gotta free me b me
29%
FREE GET UP double knot
29%
ima go back ima go back to the future infact maze of memories
29%
i guess il never ever find out tmt
29%
theres something wrong / i wake up / awaken
25%
spin it uuppppppppppaaaaaaah i oh i / one step ahead booster
25%
where am i? who am i? i am not *beat* me / you make me cry y yyy mirror
25%
do whatever u want / step out haven
21%
i just want u to knowww i cant take it anymoreee insomnia
21%
NA NA NA NA NA NA NA NA NA NA NA NA NAAA (hint: its not my pace) school life
21%
counting stars i found the light superbowl
21%
SAY WHAT??? yayaya
21%
i just wish i could see me, me 3rd eye
18%
step up the stairs i just go got myself a dream and a mission gotta move can rely on no one else to do it like i do night
18%
dont let if fall apart / dont fade away dont fade away piece of a puzzle
18%
ill go wherever i wanna go stop
18%
thank you my friend 4419
14%
different no im unique thats right im so classsy compflex
7%
i feel it now, i feel it now now now now nowwww your eyes
7%
like a tunnel with nooo lighttt chronosarus
4%
gotta go gotta go gotta go gotta go wait wait wait wait yah the tortiose and the hare
0%
No matching quizzes found
Score Distribution
Percent of People with Each Score
Percentile by Number Answered
Your Score History
You have not taken this quiz